[Event "27e Open International Avoine"]
[Site "Espace culturel d'Avoine-3742"]
[Date "2012.07.21"]
[Round "1.1"]
[White "Guliyev, Namig"]
[Black "Leriche, Luc"]
[Result "1-0"]
[WhiteElo "2539"]
[BlackElo "2084"]
[PlyCount "112"]
[EventDate "2012.??.??"]

1. e4 c5 2. Nf3 d6 3. d4 cxd4 4. Nxd4 Nf6 5. Nc3 a6 6. Be3 e5 7. Nf3 Qc7 8. a4
Be7 9. Qd3 O-O 10. Qc4 Qxc4 11. Bxc4 Be6 12. Bxe6 fxe6 13. Ng5 d5 14. Nxe6 d4
15. Nxf8 Bxf8 16. Bxd4 exd4 17. Ne2 Nxe4 18. Nxd4 Bc5 19. c3 Nc6 20. f3 Nxd4
21. cxd4 Bb4+ 22. Ke2 Nd6 23. Rac1 Re8+ 24. Kd3 Re7 25. Rc2 Kf7 26. Rhc1 Rd7
27. Rc7 Ke8 28. h4 Nf5 29. Rxd7 Kxd7 30. Rh1 Be7 31. h5 Bf6 32. g4 Nd6 33. f4
h6 34. b3 Ke6 35. Rc1 Kd7 36. Rg1 Nf7 37. Ke4 Nd6+ 38. Kd5 Nf7 39. Rg2 Bd8 40.
Re2 Bf6 41. b4 Nd8 42. b5 a5 43. Re4 Be7 44. Re2 Bf6 45. Ke4 Kd6 46. Rc2 Ne6
47. Rc4 Nc7 48. Rc5 Ne6 49. Rc8 Kd7 50. Rg8 Kd6 51. Ra8 Bd8 52. g5 Kd7 53. d5
Nc5+ 54. Kf5 Nxa4 55. Kg6 Nb6 56. Rxd8+ Kxd8 1-0

[Event "27e Open International Avoine"]
[Site "Espace culturel d'Avoine-3742"]
[Date "2012.07.21"]
[Round "1.2"]
[White "Deslias, Gregoire"]
[Black "Lagarde, Maxime"]
[Result "0-1"]
[WhiteElo "2075"]
[BlackElo "2505"]
[PlyCount "60"]
[EventDate "2012.??.??"]

1. d4 Nf6 2. c4 g6 3. Nc3 d5 4. cxd5 Nxd5 5. Bd2 Nb6 6. Nf3 Bg7 7. e4 Bg4 8.
Be3 O-O 9. Be2 Bxf3 10. gxf3 e6 11. h4 Nc6 12. e5 Qe7 13. Qb3 a5 14. Ne4 a4 15.
Qb5 a3 16. Kf1 Nd5 17. Bg5 axb2 18. Qxb2 Qb4 19. Qc1 Qxd4 20. Nf6+ Nxf6 21.
Bxf6 Bxf6 22. exf6 Qxf6 23. Kg2 h5 24. Qb1 Nd4 25. Bd1 b6 26. Rh3 Nf5 27. Qc1
Rfd8 28. a4 Rd4 29. Qxc7 Ne3+ 30. fxe3 Rd2+ 0-1

[Event "27e Open International Avoine"]
[Site "Espace culturel d'Avoine-3742"]
[Date "2012.07.21"]
[Round "1.3"]
[White "Haub, Thorsten Michael"]
[Black "Peyre, Thomas"]
[Result "1-0"]
[WhiteElo "2466"]
[BlackElo "2072"]
[PlyCount "86"]
[EventDate "2012.??.??"]

1. g3 d5 2. Bg2 Nf6 3. d3 Nbd7 4. Nf3 e5 5. O-O Bd6 6. c4 dxc4 7. dxc4 Qe7 8.
Nc3 c6 9. Nh4 Nb6 10. Bg5 Nxc4 11. Qc2 Nb6 12. Rfd1 Bc7 13. Ne4 Nbd5 14. Nxf6+
gxf6 15. Bh6 Be6 16. Nf5 Bxf5 17. Qxf5 Qe6 18. Qh5 f5 19. Bg7 Rg8 20. Qxh7 Ne7
21. h4 Qg6 22. Qxg6 fxg6 23. Bh6 e4 24. e3 Nd5 25. Bf1 Kf7 26. Bc4 Ke6 27. b4
Rgd8 28. Rac1 Rac8 29. b5 Be5 30. Bb3 Bf6 31. a4 Rd7 32. Rc5 Rdd8 33. bxc6 bxc6
34. Rdc1 Rd6 35. Bf4 Be5 36. Bxd5+ Rxd5 37. Rxc6+ Rxc6 38. Rxc6+ Rd6 39. Rxd6+
Bxd6 40. Bxd6 Kxd6 41. Kg2 a5 42. g4 fxg4 43. Kg3 Kd5 1-0

[Event "27e Open International Avoine"]
[Site "Espace culturel d'Avoine-3742"]
[Date "2012.07.21"]
[Round "1.5"]
[White "Tirard, Hugo"]
[Black "Messinger, Karl"]
[Result "1-0"]
[WhiteElo "2452"]
[BlackElo "2060"]
[PlyCount "111"]
[EventDate "2012.??.??"]

1. e4 c5 2. Nf3 Nc6 3. d4 cxd4 4. Nxd4 g6 5. c4 Bg7 6. Be3 Nf6 7. Nc3 O-O 8.
Be2 d6 9. O-O Bd7 10. Nc2 a5 11. f3 a4 12. Na3 Qa5 13. Qe1 Be6 14. Rc1 Nd7 15.
Qf2 f5 16. exf5 Bxf5 17. Rfd1 Nc5 18. Nab5 b6 19. Bf1 Ne5 20. Nd5 Ned3 21. Bxd3
Nxd3 22. Rxd3 Bxd3 23. Nxe7+ Kh8 24. Nc6 Qa6 25. Nb4 Qb7 26. Nxd3 d5 27. c5
bxc5 28. Rxc5 Ra5 29. Nd6 Qa6 30. Rxa5 Qxa5 31. Bd4 Rb8 32. Bxg7+ Kxg7 33. Nf5+
Kf8 34. Nd4 a3 35. b4 Qa4 36. Qc2 Qxc2 37. Nxc2 Ke7 38. Kf2 Kd6 39. Ke3 Re8+
40. Kd2 Kc6 41. Nd4+ Kb6 42. Ne1 Rc8 43. Nec2 Rc4 44. Kd3 h6 45. f4 Kb7 46. g4
Kb6 47. f5 gxf5 48. gxf5 Kc7 49. Ne3 Rc1 50. Nxd5+ Kd6 51. Ne3 Ra1 52. f6 Kd7
53. Nef5 Ke8 54. Nd6+ Kd7 55. N4f5 Rd1+ 56. Ke4 1-0

[Event "27e Open International Avoine"]
[Site "Espace culturel d'Avoine-3742"]
[Date "2012.07.21"]
[Round "1.7"]
[White "Lazarev, Vladimir"]
[Black "Delalande, Thierry"]
[Result "1-0"]
[WhiteElo "2442"]
[BlackElo "2055"]
[PlyCount "51"]
[EventDate "2012.??.??"]

1. d4 d5 2. c4 c6 3. Nf3 Nf6 4. e3 a6 5. Bd3 e6 6. O-O Nbd7 7. b3 Be7 8. Bb2
O-O 9. Nbd2 b6 10. Qe2 Bb7 11. Rfd1 Qb8 12. Ne5 c5 13. Nxd7 Nxd7 14. cxd5 exd5
15. dxc5 Nxc5 16. Qg4 g6 17. Qd4 f6 18. Bc2 Qd6 19. Rac1 Rad8 20. a3 Ne6 21.
Qd3 Nc5 22. Qe2 Qb8 23. b4 Nd7 24. Bb3 Kg7 25. Nf3 Rfe8 26. Bxd5 1-0

[Event "27e Open International Avoine"]
[Site "Espace culturel d'Avoine-3742"]
[Date "2012.07.21"]
[Round "1.9"]
[White "Shirazi, Kamran"]
[Black "Antoine, Jean-Luc"]
[Result "1-0"]
[WhiteElo "2417"]
[BlackElo "2054"]
[PlyCount "53"]
[EventDate "2012.??.??"]

1. e4 c5 2. Nf3 d6 3. d4 cxd4 4. Nxd4 Nf6 5. Nc3 a6 6. f4 Qc7 7. Nf3 e5 8. Bd3
Be7 9. O-O Nc6 10. Kh1 O-O 11. f5 b5 12. g4 b4 13. Nd5 Nxd5 14. exd5 Na5 15. g5
f6 16. b3 Nb7 17. a3 bxa3 18. g6 h6 19. Nh4 Nc5 20. Bc4 Bd7 21. Qh5 Bb5 22.
Bxh6 gxh6 23. Qxh6 Bd8 24. g7 Re8 25. Rg1 Be7 26. Qh8+ Kf7 27. Qh7 1-0

[Event "27e Open International Avoine"]
[Site "Espace culturel d'Avoine-3742"]
[Date "2012.07.21"]
[Round "1.10"]
[White "Gallant, Aurelien"]
[Black "Jolly, Jean-Francois"]
[Result "1/2-1/2"]
[WhiteElo "2054"]
[BlackElo "2409"]
[PlyCount "101"]
[EventDate "2012.??.??"]

1. e4 e5 2. Nf3 Nc6 3. d4 exd4 4. Nxd4 Bb4+ 5. c3 Be7 6. Be3 Nf6 7. Nd2 O-O 8.
Be2 Re8 9. O-O Bf8 10. Qc2 d5 11. Nxc6 bxc6 12. Bd3 Bd6 13. h3 h6 14. c4 Qe7
15. exd5 cxd5 16. Nf3 dxc4 17. Bxc4 Bb7 18. Nd4 Qe5 19. g3 Qh5 20. Qf5 Qxf5 21.
Nxf5 Be5 22. Rad1 Bc8 23. Bd3 Bxb2 24. g4 a6 25. Rb1 Be5 26. Bc5 Be6 27. a3 Bf4
28. Rfe1 g6 29. Ne7+ Kg7 30. Bxg6 Bxg4 31. Bxf7 Kxf7 32. hxg4 Rad8 33. Nf5 Nxg4
34. Rxe8 Rxe8 35. Rb4 Bh2+ 36. Kg2 Re5 37. Rxg4 Rxf5 38. Be3 h5 39. Ra4 Bd6 40.
Rxa6 Ke6 41. Ra8 Kd7 42. a4 Kc6 43. Rg8 Be7 44. Rg7 Kd6 45. a5 Rxa5 46. Bf4+
Ke6 47. Bxc7 Rg5+ 48. Rxg5 Bxg5 49. Bg3 Kf5 50. Kh3 h4 51. Bxh4 1/2-1/2

[Event "27e Open International Avoine"]
[Site "Espace culturel d'Avoine-3742"]
[Date "2012.07.21"]
[Round "1.11"]
[White "Song, Julien"]
[Black "Monpeurt, Cyrielle"]
[Result "1-0"]
[WhiteElo "2398"]
[BlackElo "2045"]
[PlyCount "63"]
[EventDate "2012.??.??"]

1. d4 Nf6 2. c4 c5 3. d5 e6 4. Nc3 exd5 5. cxd5 d6 6. Nf3 g6 7. Bg5 Bg7 8. Nd2
a6 9. a4 Nbd7 10. e3 O-O 11. Be2 Qc7 12. O-O Rb8 13. Rc1 Re8 14. h3 b6 15. b4
Bb7 16. e4 Rbc8 17. b5 a5 18. Be3 Re7 19. Bg5 Rce8 20. Re1 h6 21. Bh4 g5 22.
Bg3 Ne5 23. Bf1 Bc8 24. Bxe5 Rxe5 25. Nc4 R5e7 26. e5 Nh7 27. exd6 Rxe1 28.
dxc7 Rxd1 29. Nxd1 Nf6 30. Nxb6 Ne4 31. Nxc8 Rxc8 32. b6 1-0

[Event "27e Open International Avoine"]
[Site "Espace culturel d'Avoine-3742"]
[Date "2012.07.21"]
[Round "1.12"]
[White "Egreteau, Eric"]
[Black "David, Vincent"]
[Result "0-1"]
[WhiteElo "2044"]
[BlackElo "2392"]
[PlyCount "58"]
[EventDate "2012.??.??"]

1. e4 e6 2. Nc3 d5 3. d3 Nf6 4. e5 Nfd7 5. f4 c5 6. Nf3 Nc6 7. g3 b5 8. Bg2 b4
9. Ne2 Be7 10. O-O Rb8 11. Be3 O-O 12. Qd2 a5 13. Kh1 a4 14. g4 Bb7 15. Bf2 f6
16. exf6 Bxf6 17. Rab1 Kh8 18. Ng3 Qc7 19. f5 Nce5 20. Nxe5 Bxe5 21. fxe6 Nf6
22. Qg5 Rbe8 23. Nf5 h6 24. Qg6 Rxe6 25. Bxc5 Rfe8 26. d4 Ne4 27. Qh5 Bf4 28.
Rxf4 Qxf4 29. Qh4 Nf2+ 0-1

[Event "27e Open International Avoine"]
[Site "Espace culturel d'Avoine-3742"]
[Date "2012.07.21"]
[Round "1.13"]
[White "Colin, Vincent"]
[Black "Maloberti, David"]
[Result "1-0"]
[WhiteElo "2391"]
[BlackElo "2044"]
[PlyCount "51"]
[EventDate "2012.??.??"]

1. d4 Nf6 2. c4 g6 3. Nc3 Bg7 4. e4 d6 5. f4 O-O 6. Nf3 c5 7. d5 e6 8. dxe6
fxe6 9. Bd3 Nc6 10. O-O a6 11. Ng5 Ne7 12. Kh1 Bd7 13. e5 dxe5 14. fxe5 Nh5 15.
Rxf8+ Qxf8 16. Nxh7 Ng3+ 17. hxg3 Kxh7 18. Bf4 Bc6 19. Ne4 Bxe4 20. Bxe4 Rd8
21. Qh5+ Bh6 22. Qh3 Rd4 23. Re1 Rxc4 24. Qxe6 Rd4 25. Kg1 b5 26. Bxh6 1-0

[Event "27e Open International Avoine"]
[Site "Espace culturel d'Avoine-3742"]
[Date "2012.07.21"]
[Round "1.15"]
[White "Petre, Nad-Titus"]
[Black "Sobry, Sebastien"]
[Result "1-0"]
[WhiteElo "2362"]
[BlackElo "2039"]
[PlyCount "81"]
[EventDate "2012.??.??"]

1. c4 Nf6 2. g3 g6 3. Bg2 Bg7 4. Nc3 d6 5. d4 O-O 6. Nf3 Nbd7 7. O-O c6 8. h3
Re8 9. e4 e5 10. d5 cxd5 11. cxd5 h6 12. Be3 b6 13. b4 Ba6 14. b5 Rc8 15. Qd2
Bb7 16. Rfc1 Kh7 17. Ne1 Nc5 18. Nc2 Nfd7 19. Nb4 a6 20. Nc6 Qf6 21. bxa6 Bxa6
22. h4 Bb7 23. Na7 Ra8 24. Nab5 Ra5 25. Rab1 Rea8 26. Bh3 Qe7 27. h5 Ba6 28.
Nc7 Ra7 29. Nxa6 R7xa6 30. Rb4 Nf6 31. hxg6+ fxg6 32. Qc2 Qd8 33. Rcb1 Qc7 34.
Bf1 Ra8 35. Rxb6 Na4 36. Rc6 Qe7 37. Nb5 Ne8 38. Nc7 Nc5 39. Nxa8 Rxa8 40. Bxc5
dxc5 41. Rbb6 1-0

[Event "27e Open International Avoine"]
[Site "Espace culturel d'Avoine-3742"]
[Date "2012.07.21"]
[Round "1.16"]
[White "Batteux, Mickael"]
[Black "Marholev, Dimitar"]
[Result "1/2-1/2"]
[WhiteElo "2034"]
[BlackElo "2356"]
[PlyCount "97"]
[EventDate "2012.??.??"]

1. d4 Nf6 2. Nf3 g6 3. Nc3 Bg7 4. e4 d6 5. Be3 a6 6. Qd2 Nc6 7. h3 O-O 8. Bh6
e5 9. Bxg7 Kxg7 10. d5 Na7 11. Qe3 Bd7 12. g4 Nb5 13. Ne2 c6 14. c4 Qa5+ 15.
Nd2 Na7 16. Qc3 Qxc3 17. Nxc3 b5 18. Be2 cxd5 19. exd5 bxc4 20. Nxc4 Nb5 21. g5
Ne8 22. Nb6 Ra7 23. Nxd7 Rxd7 24. Nxb5 axb5 25. Bxb5 Rb7 26. Bxe8 Rxe8 27.
O-O-O Ra8 28. Kb1 Rb5 29. Rd3 Raa5 30. Rhd1 h6 31. gxh6+ Kxh6 32. a3 e4 33. Re3
f5 34. f3 exf3 35. Rxf3 Rxd5 36. Rxd5 Rxd5 37. b4 g5 38. Kc2 g4 39. hxg4 fxg4
40. Rd3 Rxd3 41. Kxd3 d5 42. b5 g3 43. Ke2 d4 44. b6 g2 45. Kf2 d3 46. b7 g1=Q+
47. Kxg1 d2 48. b8=Q d1=Q+ 49. Kg2 1/2-1/2

[Event "27e Open International Avoine"]
[Site "Espace culturel d'Avoine-3742"]
[Date "2012.07.21"]
[Round "1.18"]
[White "Dessenne, Francois"]
[Black "Perrin, Guillaume"]
[Result "0-1"]
[WhiteElo "2030"]
[BlackElo "2349"]
[PlyCount "40"]
[EventDate "2012.??.??"]

1. e4 e5 2. Nf3 Nc6 3. Bb5 f5 4. Nc3 fxe4 5. Nxe4 Nf6 6. Qe2 d5 7. Nxf6+ gxf6
8. d4 Bg7 9. dxe5 O-O 10. Bxc6 bxc6 11. exf6 Qxf6 12. c3 c5 13. Be3 Qc6 14. Qd2
Bg4 15. O-O-O d4 16. Bg5 Qa4 17. b3 Qa3+ 18. Qb2 Qxb2+ 19. Kxb2 dxc3+ 20. Kc2
a5 0-1

[Event "27e Open International Avoine"]
[Site "Espace culturel d'Avoine-3742"]
[Date "2012.07.21"]
[Round "1.19"]
[White "Kostiuk, Tatiana"]
[Black "Ashanina, Olga"]
[Result "1-0"]
[WhiteElo "2327"]
[BlackElo "2027"]
[PlyCount "77"]
[EventDate "2012.??.??"]

1. d4 e6 2. c4 Nf6 3. Nf3 b6 4. g3 Bb7 5. Bg2 Bb4+ 6. Bd2 Bxd2+ 7. Nbxd2 Ne4 8.
Nxe4 Bxe4 9. O-O O-O 10. Re1 c6 11. Bh3 Bxf3 12. exf3 d5 13. b3 Nd7 14. f4 Nf6
15. Rc1 Qd6 16. c5 bxc5 17. Rxc5 Nd7 18. Rc2 g6 19. Qd2 a5 20. Rec1 Rfc8 21.
Bf1 Nb6 22. a4 Nd7 23. Bb5 c5 24. Bxd7 Qxd7 25. Rxc5 Rxc5 26. Rxc5 Qb7 27. Qc3
Qa6 28. Rb5 Kg7 29. Kg2 Kg8 30. Qc7 Ra7 31. Qb8+ Kg7 32. Qe5+ f6 33. Qb8 Rd7
34. Qe8 Qa7 35. Qxe6 Re7 36. Qxd5 Rd7 37. Qc5 Qa8+ 38. d5 Qe8 39. Qd4 1-0

[Event "27e Open International Avoine"]
[Site "Espace culturel d'Avoine-3742"]
[Date "2012.07.21"]
[Round "1.20"]
[White "Derieux, Christian"]
[Black "Godart, Francois"]
[Result "1/2-1/2"]
[WhiteElo "2027"]
[BlackElo "2317"]
[PlyCount "84"]
[EventDate "2012.??.??"]

1. d4 Nf6 2. c4 e5 3. dxe5 Ng4 4. e3 Nxe5 5. Nh3 d6 6. Nf4 g6 7. Be2 Bg7 8. Nc3
O-O 9. O-O Nbd7 10. Nfd5 c6 11. Nb4 Nb6 12. a4 a5 13. Nba2 Nexc4 14. b3 Nd5 15.
Nxd5 Bxa1 16. Ndc3 Qf6 17. Bxc4 Bxc3 18. Nxc3 Qxc3 19. Qxd6 Bg4 20. Ba3 Rad8
21. Qc7 Rd7 22. Qf4 Bd1 23. Bxf8 Kxf8 24. Bxf7 Rxf7 25. Qd6+ Kg8 26. Qxd1 Rf8
27. h4 Qf6 28. h5 Rd8 29. Qe1 Rd5 30. hxg6 hxg6 31. e4 Rh5 32. Qe3 Qh8 33. f3
Rh1+ 34. Kf2 Qb2+ 35. Qe2 Rxf1+ 36. Kxf1 Qxb3 37. Qd2 Qxa4 38. Qd8+ Kf7 39.
Qd7+ Kf6 40. Qd6+ Kf7 41. Qd7+ Kf6 42. Qd6+ Kf7 1/2-1/2

[Event "27e Open International Avoine"]
[Site "Espace culturel d'Avoine-3742"]
[Date "2012.07.21"]
[Round "1.21"]
[White "Bon, Michael"]
[Black "Jouneau, Quentin"]
[Result "1-0"]
[WhiteElo "2304"]
[BlackElo "2026"]
[PlyCount "37"]
[EventDate "2012.??.??"]

1. e4 Nf6 2. Nc3 d5 3. exd5 Nxd5 4. Bc4 c6 5. Qf3 e6 6. Nge2 Nd7 7. d4 Qf6 8.
Qe4 Bb4 9. O-O O-O 10. Bd3 Qg6 11. Qh4 Be7 12. Qh3 f5 13. Nxd5 exd5 14. Ng3 Nb6
15. Re1 Bd6 16. Qh4 Bd7 17. Bf4 Rae8 18. b3 Be7 19. Rxe7 1-0

[Event "27e Open International Avoine"]
[Site "Espace culturel d'Avoine-3742"]
[Date "2012.07.21"]
[Round "1.22"]
[White "Dutreuil, Raphael"]
[Black "Safranska, Anda"]
[Result "0-1"]
[WhiteElo "2024"]
[BlackElo "2298"]
[PlyCount "76"]
[EventDate "2012.??.??"]

1. d4 d6 2. c4 e5 3. e3 Nd7 4. Nc3 Ngf6 5. Nge2 g6 6. g3 Bg7 7. Bg2 O-O 8. O-O
Re8 9. Rb1 a5 10. a3 c6 11. b4 axb4 12. axb4 Nb6 13. c5 Nc4 14. b5 d5 15. bxc6
bxc6 16. dxe5 Nxe5 17. Nd4 Ba6 18. Re1 Nd3 19. Nxc6 Qd7 20. Nb4 Nxe1 21. Qxe1
Bc4 22. Qd1 Qf5 23. Qf3 Qxf3 24. Bxf3 Rab8 25. Na4 Ne4 26. Bxe4 dxe4 27. Nb6
Be6 28. Na6 Rb7 29. c6 Ra7 30. Nc5 Rc7 31. Nxe6 fxe6 32. Nd7 Rxc6 33. Bb2 Re7
34. Bxg7 Kxg7 35. Nb8 Rc2 36. Rb4 Rf7 37. Rxe4 Rfxf2 38. Nd7 Rg2+ 0-1

[Event "27e Open International Avoine"]
[Site "Espace culturel d'Avoine-3742"]
[Date "2012.07.21"]
[Round "1.23"]
[White "Dieu, Bruno"]
[Black "Suez-Panama, Gilles"]
[Result "1-0"]
[WhiteElo "2279"]
[BlackElo "2019"]
[PlyCount "123"]
[EventDate "2012.??.??"]

1. d4 Nf6 2. c4 g6 3. Nc3 Bg7 4. e4 d6 5. Nge2 O-O 6. Ng3 e5 7. d5 a5 8. Be2
Na6 9. h4 h5 10. Bg5 Qe8 11. Qd2 Nh7 12. Bh6 f6 13. O-O Nc5 14. Be3 Qe7 15.
Rad1 b6 16. f4 f5 17. exf5 Qxh4 18. Bf2 Qxf4 19. fxg6 Nf6 20. Qxf4 exf4 21.
Nxh5 Nxh5 22. Bxh5 Rf5 23. Bf3 Rg5 24. Nb5 Bg4 25. Bd4 Na6 26. Rde1 Bxf3 27.
Rxf3 Be5 28. Kf1 Rf8 29. Re4 Rf6 30. Rf2 Rfxg6 31. Rfe2 f3 32. gxf3 Nc5 33.
Bxc5 bxc5 34. Kf2 Rg2+ 35. Ke3 Rxe2+ 36. Kxe2 Rg2+ 37. Kd3 Rxb2 38. f4 Bf6 39.
Re2 Rb1 40. Nxc7 Kf7 41. Nb5 Be7 42. a3 Rb3+ 43. Ke4 Kf6 44. Rh2 Bf8 45. Rh8
Kg7 46. Rh5 Be7 47. Kf5 Re3 48. Rh2 Rg3 49. Rc2 Kf7 50. Rc3 Rg6 51. Rh3 Rf6+
52. Ke4 Kg7 53. f5 Bf8 54. Nc7 Rf7 55. Ne8+ Kg8 56. Rg3+ Kh7 57. f6 Rb7 58. Kf5
a4 59. Rh3+ Kg8 60. Kg6 Rd7 61. f7+ Rxf7 62. Nf6+ 1-0

[Event "27e Open International Avoine"]
[Site "Espace culturel d'Avoine-3742"]
[Date "2012.07.21"]
[Round "1.24"]
[White "Farou, Fabrice"]
[Black "Gerard, Nicolas"]
[Result "1/2-1/2"]
[WhiteElo "2016"]
[BlackElo "2279"]
[PlyCount "53"]
[EventDate "2012.??.??"]

1. e4 c5 2. Nf3 d6 3. d4 cxd4 4. Nxd4 Nf6 5. Nc3 a6 6. Bg5 e6 7. f4 Nc6 8. Nxc6
bxc6 9. e5 h6 10. Bh4 g5 11. Bg3 Nd5 12. Nxd5 exd5 13. Bd3 dxe5 14. fxe5 Qb6
15. Qe2 Be6 16. Bf2 Qxb2 17. O-O Bg7 18. Rae1 Qc3 19. Qe3 Qa5 20. Qf3 O-O 21.
Qh5 Qb4 22. h3 Rfe8 23. Bg3 Qb6+ 24. Kh1 c5 25. Rf6 c4 26. Bf5 Qd8 27. Bxe6
1/2-1/2

[Event "27e Open International Avoine"]
[Site "Espace culturel d'Avoine-3742"]
[Date "2012.07.21"]
[Round "1.26"]
[White "Goettelmann, Guillaume"]
[Black "Barbot, Pierre"]
[Result "0-1"]
[WhiteElo "2007"]
[BlackElo "2271"]
[PlyCount "66"]
[EventDate "2012.??.??"]

1. d4 Nf6 2. Nf3 g6 3. c4 Bg7 4. Nc3 d5 5. cxd5 Nxd5 6. e4 Nxc3 7. bxc3 c5 8.
Rb1 O-O 9. Be2 b6 10. O-O Bb7 11. Qd3 e6 12. dxc5 Qc7 13. Ba3 Rd8 14. Qe3 Nd7
15. cxb6 axb6 16. Bb4 Nc5 17. Nd2 Rxa2 18. Rfd1 h5 19. Bc4 Raa8 20. f3 Na4 21.
Bf1 Nxc3 22. Bxc3 Qxc3 23. Qxc3 Bxc3 24. Nc4 Bd4+ 25. Kh1 Ba6 26. Rdc1 Rab8 27.
Na3 Bxf1 28. Rxf1 h4 29. Rfd1 Bc5 30. Nb5 Rxd1+ 31. Rxd1 Ra8 32. Rb1 Kf8 33. g3
h3 0-1

[Event "27e Open International Avoine"]
[Site "Espace culturel d'Avoine-3742"]
[Date "2012.07.21"]
[Round "1.27"]
[White "Frick, Christoph"]
[Black "Le Masle, Raphael"]
[Result "0-1"]
[WhiteElo "2258"]
[BlackElo "2007"]
[PlyCount "88"]
[EventDate "2012.??.??"]

1. Nc3 c5 2. e4 e6 3. g3 Nc6 4. Bg2 Nf6 5. f4 d6 6. d3 Be7 7. Nh3 Rb8 8. Nf2
Qc7 9. O-O O-O 10. g4 b5 11. Ne2 b4 12. Ng3 Nd7 13. g5 f5 14. h4 a5 15. c3 Nb6
16. Bd2 d5 17. Rc1 dxe4 18. dxe4 Nc4 19. cxb4 Nxd2 20. Qxd2 Rd8 21. Qe3 Nxb4
22. a3 Na6 23. Qc3 a4 24. Nh5 Bf8 25. exf5 exf5 26. Bf3 Be6 27. Bd1 c4 28. Re1
Bf7 29. Be2 Kh8 30. Qe5 Qxe5 31. fxe5 Rbc8 32. Nf4 Rd4 33. N4h3 Nc5 34. Kg2 Ne6
35. Kg3 Nc5 36. Rc2 Ne4+ 37. Kg2 Nc5 38. Rec1 Ne6 39. Kg3 Nc5 40. Kf3 Nb3 41.
e6 Be8 42. Re1 Nd2+ 43. Ke3 Bc5 44. Rxd2 Rd3+ 0-1

[Event "27e Open International Avoine"]
[Site "Espace culturel d'Avoine-3742"]
[Date "2012.07.21"]
[Round "1.29"]
[White "Mostertman, Milan"]
[Black "Hadet, Emmanuel"]
[Result "1-0"]
[WhiteElo "2248"]
[BlackElo "1999"]
[PlyCount "77"]
[EventDate "2012.??.??"]

1. e4 c6 2. d4 d5 3. e5 c5 4. Nf3 Nc6 5. Bb5 Bg4 6. dxc5 e6 7. b4 Qc7 8. Bb2
Nge7 9. a3 Ng6 10. O-O Be7 11. Re1 O-O 12. Nbd2 a5 13. Bxc6 bxc6 14. h3 Bxf3
15. Nxf3 Rab8 16. Bc3 a4 17. Bd4 Ra8 18. Qe2 Rfe8 19. Rad1 Bf8 20. g3 Qe7 21.
c4 Red8 22. b5 dxc4 23. b6 Rxd4 24. Rxd4 Qxc5 25. b7 Rb8 26. Rxc4 Qxa3 27. Qe4
Rxb7 28. Rxa4 Qb3 29. Qxc6 Ne7 30. Qe4 Nd5 31. Ra8 Rb4 32. Qe2 Nc3 33. Qd3 Nd5
34. Qxb3 Rxb3 35. Ng5 h6 36. Ne4 Rb7 37. Nd6 Rd7 38. Rb1 Nc7 39. Rc8 1-0

[Event "27e Open International Avoine"]
[Site "Espace culturel d'Avoine-3742"]
[Date "2012.07.21"]
[Round "1.31"]
[White "Duhayon, Yves"]
[Black "Louis, Corentin"]
[Result "1/2-1/2"]
[WhiteElo "2221"]
[BlackElo "1994"]
[PlyCount "45"]
[EventDate "2012.??.??"]

1. d4 f5 2. Bf4 Nf6 3. e3 g6 4. h4 Bg7 5. h5 Nxh5 6. Rxh5 gxh5 7. Qxh5+ Kf8 8.
Qxf5+ Kg8 9. Nc3 e6 10. Qh5 d6 11. Nf3 Bd7 12. Bc4 Qe7 13. O-O-O d5 14. Nxd5
exd5 15. Qxd5+ Kf8 16. Qxb7 Bc6 17. Qc8+ Be8 18. Bg5 Qd7 19. Qb7 Qc6 20. Qb4+
Qd6 21. Qb7 Qc6 22. Qb4+ Qd6 23. Qb7 1/2-1/2

[Event "27e Open International Avoine"]
[Site "Espace culturel d'Avoine-3742"]
[Date "2012.07.21"]
[Round "1.33"]
[White "Come, Alexandre"]
[Black "Nord, Antoine"]
[Result "1/2-1/2"]
[WhiteElo "2204"]
[BlackElo "1990"]
[PlyCount "115"]
[EventDate "2012.??.??"]

1. e4 c6 2. d4 d5 3. exd5 cxd5 4. Bd3 Nf6 5. c3 Nc6 6. Bf4 Bg4 7. Qb3 Qb6 8.
Nd2 e6 9. Ngf3 Be7 10. h3 Bh5 11. O-O Bg6 12. Bxg6 hxg6 13. Qc2 Rc8 14. Rac1
O-O 15. Qb1 Qa6 16. Rfe1 b5 17. b4 Qa3 18. Bg5 a5 19. bxa5 Qxa5 20. Ne5 Ba3 21.
Nb3 Qc7 22. Bxf6 Bxc1 23. Qxc1 gxf6 24. Ng4 Qe7 25. Qf4 f5 26. Ne3 Qd8 27. Nc5
Na5 28. Qh6 Rxc5 29. dxc5 Qc7 30. h4 Qe5 31. h5 Qg7 32. Qxg7+ Kxg7 33. Rb1 Nc4
34. Rxb5 Nxe3 35. fxe3 gxh5 36. a4 Ra8 37. a5 Ra7 38. Kf2 Kf6 39. Ke2 Ke5 40.
Kd3 f4 41. exf4+ Kxf4 42. Kd4 h4 43. Rb6 Rxa5 44. Rb4 Ra7 45. c4 dxc4 46. Kxc4
Kg3 47. Rb2 f5 48. Rc2 f4 49. Kd4 f3 50. gxf3 Kxf3 51. c6 Ra8 52. Ke5 h3 53.
Kxe6 Kg3 54. c7 h2 55. Rxh2 Kxh2 56. Kd7 Kg2 57. c8=Q Rxc8 58. Kxc8 1/2-1/2

[Event "27e Open International Avoine"]
[Site "Espace culturel d'Avoine-3742"]
[Date "2012.07.21"]
[Round "1.34"]
[White "Auroy, Didier"]
[Black "Ribeiro, Romain"]
[Result "0-1"]
[WhiteElo "1989"]
[BlackElo "2204"]
[PlyCount "92"]
[EventDate "2012.??.??"]

1. Nf3 c5 2. e3 b6 3. d4 cxd4 4. exd4 Bb7 5. Bd3 Nf6 6. O-O e6 7. Qe2 Be7 8. a3
O-O 9. b3 d6 10. c4 Nbd7 11. Bd2 Re8 12. Nc3 Rc8 13. a4 Bf8 14. Bc2 d5 15. a5
dxc4 16. axb6 cxb3 17. Bxb3 Qxb6 18. Ba4 Bb4 19. Rfb1 Bxf3 20. gxf3 Qxd4 21.
Bxd7 Nxd7 22. Ne4 Bxd2 23. Qxd2 Qxd2 24. Nxd2 Rc2 25. Ne4 Ne5 26. f4 Nd3 27.
Rxa7 Nxf4 28. h4 Ne2+ 29. Kf1 Nc3 30. Nxc3 Rxc3 31. Kg2 Rc5 32. Rbb7 Rf8 33.
Kg3 g6 34. Re7 Rf5 35. f3 Rd8 36. Ra3 Rd4 37. Rea7 Rff4 38. h5 gxh5 39. R7a5
h4+ 40. Kh3 Kg7 41. Rg5+ Kf6 42. Rg8 Rd2 43. Rb8 Rf2 44. Rbb3 Kg5 45. Re3 Rf5
46. Rec3 Kh5 0-1

[Event "27e Open International Avoine"]
[Site "Espace culturel d'Avoine-3742"]
[Date "2012.07.21"]
[Round "1.35"]
[White "Bouget, Alexandre"]
[Black "Lesbros, Bernard"]
[Result "1-0"]
[WhiteElo "2202"]
[BlackElo "1989"]
[PlyCount "99"]
[EventDate "2012.??.??"]

1. d4 Nf6 2. c4 g6 3. Nc3 d5 4. Bg5 Ne4 5. Bh4 Nxc3 6. bxc3 Bg7 7. cxd5 Qxd5 8.
e3 Qa5 9. Qd2 c5 10. Nf3 Nc6 11. Rb1 O-O 12. Rb5 Qa3 13. Rb3 Qa5 14. Rb5 Qa3
15. Rxc5 Be6 16. Bb5 Rac8 17. O-O Rfd8 18. Qc1 Qxa2 19. Bxc6 bxc6 20. Qa1 Rd7
21. Qxa2 Bxa2 22. Ra1 Bd5 23. c4 Be4 24. Ne5 Rb7 25. f3 Bxe5 26. Rxe5 Bd3 27.
Rxe7 Rxe7 28. Bxe7 Rc7 29. Bd6 Rb7 30. Ra4 Rb1+ 31. Kf2 Rb2+ 32. Kg3 Bf1 33. d5
Rxg2+ 34. Kf4 cxd5 35. cxd5 a6 36. Ra1 Be2 37. e4 Kg7 38. Rc1 Rxh2 39. Be5+ Kh6
40. Ke3 Rg2 41. f4 Kh5 42. d6 Bb5 43. Kf3 Rh2 44. Kg3 Rh4 45. Bf6 g5 46. Bxg5
Rg4+ 47. Kf3 Bd7 48. Rc7 h6 49. Be7 Ba4 50. Rc5+ 1-0

[Event "27e Open International Avoine"]
[Site "Espace culturel d'Avoine-3742"]
[Date "2012.07.21"]
[Round "1.37"]
[White "Duboue, Peio"]
[Black "Tache, Benjamin"]
[Result "1-0"]
[WhiteElo "2189"]
[BlackElo "1985"]
[PlyCount "117"]
[EventDate "2012.??.??"]

1. e4 c6 2. d4 d5 3. Nc3 dxe4 4. Nxe4 Bf5 5. Ng3 Bg6 6. f4 e6 7. h4 h6 8. h5
Bh7 9. Nf3 Nf6 10. Bd3 Bxd3 11. Qxd3 Bb4+ 12. c3 Be7 13. Bd2 Nbd7 14. O-O-O Qa5
15. Kb1 O-O-O 16. c4 Bb4 17. Bc1 Bd6 18. Qc2 Rhf8 19. Ne2 c5 20. f5 e5 21. d5
Rfe8 22. Nc3 a6 23. Nd2 Qc7 24. Qd3 Re7 25. Rh4 Kb8 26. Nde4 Rde8 27. Qg3 Nxe4
28. Nxe4 f6 29. Rg4 Nb6 30. Nxd6 Qxd6 31. Rxg7 Rxg7 32. Qxg7 Nxc4 33. Qxh6 Rg8
34. b3 Nb6 35. Qd2 Qd7 36. Qf2 Nxd5 37. Ka1 Qf7 38. Qxc5 Rc8 39. Qd6+ Ka8 40.
h6 Nc3 41. Rh1 Rh8 42. Be3 Nb5 43. Qc5 Kb8 44. g4 Qd7 45. h7 Nd4 46. Bxd4 exd4
47. g5 Rxh7 48. Rxh7 Qxh7 49. gxf6 Qh5 50. Qd6+ Kc8 51. Qd5 Kb8 52. Kb2 Qe2+
53. Ka3 Qh5 54. Qd6+ Kc8 55. Qf8+ Kd7 56. Qe7+ Kc6 57. Qe6+ Kc7 58. f7 Qg5 59.
Qc4+ 1-0